Countries Bordering Austria - Statistics

General Stats
  • This quiz has been taken 25 times
    23 since last reset
  • The average score is 7 of 8
Answers on the Grid
Answers color-coded by a green-red scale on the quiz's grid according to % correct below.
Germany
Luxembourg
Croatia
Italy
Slovakia
Slovenia
Georgia
Poland
Czechia
Hungary
North Macedonia
Switzerland
Bosnia and Herzegovina
Liechtenstein
Andorra
Montenegro
 
Answer Stats
Answer % Correct
Germany
93%
Hungary
86%
Switzerland
86%
Czechia
79%
Italy
79%
Liechtenstein
79%
Slovakia
79%
Slovenia
71%
No matching quizzes found
Score Distribution
Percent of People with Each Score
Percentile by Number Answered
Your Score History
You have not taken this quiz since the last reset